South Eastern Kenya University

Library Online Public Access Catalogue


Mastering public relations (Record no. 3391)

MARC details
000 -LEADER
fixed length control field 00439nam a22001577a 4500
020 ## - ISBN
International Standard Book Number 9780230549302
050 ## - LIBRARY OF CONGRESS CALL NUMBER
Classification Number HD59
Item Number .D38 2007
100 ## - MAIN ENTRY--Author
Personal name Davis, Anthony
245 ## - TITLE
Title Mastering public relations
Statement of responsibility, etc Anthony Davis
250 ## - EDITIONSTATEMENT
Edition statement 2nd ed.
260 ## - PUBLICATION, DISTRIBUTION, ETC.(IMPRINT)
Place of publication, distribution, etc Basingstoke :
Name of publisher, distributor, etc Palgrave Macmillan,
Date of publication, distribution, etc 2007.
300 ## - PHYSICAL DESCRIPTION
Extent xviii, 233p.:
500 ## - GENERALNOTE
General note includes table of contents, references and index.
650 ## - SUBJECT--TOPIC
Form subdivision Public relations.
942 ## - ADDED ENTRY ELEMENTS(KOHA)
Koha item type General circulation
Holdings
Source of classification or shelving scheme Not for loan Location (home branch) Sublocation (holding branch) Date accessioned Cost, normal purchase price Full call number Barcode Cost, replacement price Koha item type Public note
Library of Congress Classification   Main Campus Library Main Campus Library 11/09/2014 1870.00 HD59 .D38 2007 2016/010087 2000.00 General circulation CM
Kitui, Kenya.
+254736116989
library@seku.ac.ke